|
|
|
|
| LEADER |
03298nam a2200829 i 4500 |
| 001 |
nkc20203258421 |
| 003 |
CZ PrNK |
| 005 |
20201127140151.0 |
| 007 |
ta |
| 008 |
201014s2020 xr a c 6 001 0bcze |
| 015 |
|
|
|a cnb003258421
|
| 020 |
|
|
|a 978-80-7544-977-1
|q (vázáno) :
|c Kč 349,00
|
| 035 |
|
|
|a (OCoLC)1226361418
|
| 040 |
|
|
|a OLA001
|b cze
|e rda
|
| 041 |
1 |
|
|a cze
|h eng
|
| 043 |
|
|
|a e-gx---
|
| 045 |
|
|
|a x0x4
|
| 072 |
|
7 |
|a 323
|x Vnitropolitický vývoj, politický život
|2 Konspekt
|9 15
|
| 072 |
|
7 |
|a 0/9-053.2
|x Literatura pro děti a mládež (naučná)
|2 Konspekt
|9 26
|
| 080 |
|
|
|a 274/278-1-051
|2 MRF
|
| 080 |
|
|
|a [323.28:329.17]-058.6
|2 MRF
|
| 080 |
|
|
|a 2-67
|2 MRF
|
| 080 |
|
|
|a 323.25/.26:329.18
|2 MRF
|
| 080 |
|
|
|a 94(100)"1939/1945"
|2 MRF
|
| 080 |
|
|
|a 328/329
|2 MRF
|
| 080 |
|
|
|a 929
|2 MRF
|
| 080 |
|
|
|a (430)
|2 MRF
|
| 080 |
|
|
|a (092)
|2 MRF
|
| 080 |
|
|
|a (092)741.52
|2 MRF
|
| 080 |
|
|
|a (0.053.6)
|2 MRF
|
| 100 |
1 |
|
|a Hendrix, John,
|d 1976-
|7 ola20201089843
|4 aut
|4 ill
|
| 240 |
1 |
0 |
|a Faithful spy.
|l Česky
|
| 245 |
1 |
0 |
|a Poctivý špion :
|b Dietrich Bonhoeffer a plán, jak zabít Hitlera /
|c John Hendrix ; z anglického originálu The faithful spy: Dietrich Bonhoeffer and the plot to kill Hitler ... přeložil Richard Podaný
|
| 246 |
3 |
0 |
|a Dietrich Bonhoeffer a plán, jak zabít Hitlera
|
| 250 |
|
|
|a 1. vydání
|
| 264 |
|
1 |
|a Praha :
|b CooBoo,
|c 2020
|
| 300 |
|
|
|a 175 stran :
|b barevné ilustrace ;
|c 24 cm
|
| 336 |
|
|
|a text
|b txt
|2 rdacontent
|
| 336 |
|
|
|a statický obraz
|b sti
|2 rdacontent
|
| 337 |
|
|
|a bez média
|b n
|2 rdamedia
|
| 338 |
|
|
|a svazek
|b nc
|2 rdacarrier
|
| 504 |
|
|
|a Obsahuje bibliografii a rejstřík
|
| 600 |
1 |
7 |
|a Bonhoeffer, Dietrich,
|d 1906-1945
|7 jn19990000925
|2 czenas
|
| 648 |
|
7 |
|a 20. století
|7 ch460558
|2 czenas
|
| 648 |
|
7 |
|a 1933-1945
|7 ch500562
|2 czenas
|
| 648 |
|
7 |
|a 1939-1945
|7 ch460653
|2 czenas
|
| 648 |
|
4 |
|a 1906-1945
|
| 650 |
0 |
7 |
|a evangeličtí teologové
|7 ph120051
|z Německo
|y 20. století
|2 czenas
|
| 650 |
0 |
7 |
|a oběti nacismu
|7 ph123641
|z Německo
|2 czenas
|
| 650 |
0 |
7 |
|a stát a církev
|7 ph116308
|z Německo
|y 1933-1945
|2 czenas
|
| 650 |
0 |
7 |
|a protifašistický odboj
|7 ph115901
|z Německo
|y 1933-1945
|2 czenas
|
| 650 |
0 |
7 |
|a druhá světová válka (1939-1945)
|7 ph117270
|z Německo
|2 czenas
|
| 650 |
0 |
9 |
|a Evangelical theologians
|z Germany
|y 20th century
|2 eczenas
|
| 650 |
0 |
9 |
|a victims of Nazism
|z Germany
|2 eczenas
|
| 650 |
0 |
9 |
|a church and state
|z Germany
|y 1933-1945
|2 eczenas
|
| 650 |
0 |
9 |
|a anti-fascist movements
|z Germany
|y 1933-1945
|2 eczenas
|
| 650 |
0 |
9 |
|a World War (1939-1945)
|z Germany
|2 eczenas
|
| 651 |
|
7 |
|a Německo
|7 ge135889
|x politika a vláda
|y 1933-1945
|2 czenas
|
| 651 |
|
9 |
|a Germany
|x politics and government
|y 1933-1945
|2 eczenas
|
| 655 |
|
7 |
|a biografie
|7 fd131909
|2 czenas
|
| 655 |
|
7 |
|a biografické komiksy
|7 fd1057461
|2 czenas
|
| 655 |
|
7 |
|a publikace pro mládež
|7 fd133157
|2 czenas
|
| 655 |
|
9 |
|a biography
|2 eczenas
|
| 655 |
|
9 |
|a biographical comics
|2 eczenas
|
| 655 |
|
9 |
|a juvenile literature
|2 eczenas
|
| 700 |
1 |
|
|a Podaný, Richard,
|d 1962-
|7 mzk2003183236
|4 trl
|
| 910 |
2 |
|
|a BOA001
|b 2-1453.849
|
| 928 |
9 |
|
|a Albatros Media - CooBoo
|
| 990 |
|
|
|a BK
|
| 995 |
|
|
|a 01
|
| 991 |
|
|
|b 202011
|c NOV
|
| 996 |
6 |
|
|b 2610843279
|c 2-1453.849
|l MZK
|r Sklad / do 1 hodiny
|n 0
|p p.v.
|w 001832938
|u 000010
|a 1
|e BOA001
|j MZK50
|s P
|